[Event "GER-chT U14"]
[Site "Magdeburg"]
[Date "2019.12.30"]
[Round "7.6"]
[White "Morgenthaler, Nick"]
[Black "Kling, Simon"]
[Result "1-0"]
[WhiteElo "1391"]
[BlackElo "1136"]
[PlyCount "109"]
[EventDate "2019.12.27"]
[EventType "team-swiss"]
[EventRounds "7"]
[EventCountry "GER"]
[SourceTitle "CBM 194 Extra"]
[Source "ChessBase"]
[SourceDate "2020.03.31"]
[SourceVersion "1"]
[SourceVersionDate "2020.03.31"]
[SourceQuality "1"]
[WhiteTeam "Frankenthal"]
[BlackTeam "Untergrombach"]
[WhiteTeamCountry "GER"]
[BlackTeamCountry "GER"]

1. d4 d5 2. c4 e5 3. dxe5 d4 4. Nf3 Nc6 5. a3 Nge7 6. e3 Nf5 7. exd4 Nfxd4 8. Nxd4 Qxd4 9. Nc3 Qxe5+ 10. Be2 a6 11. Nd5 Bd6 12. Bf4 Qe6 13. Nxc7+ Bxc7 14. Bxc7 0-0 15. 0-0 Qf6 16. b4 Be6 17. c5 Rac8 18. Bd6 Rfd8 19. Bg4 Bxg4 20. Qxg4 Ne7 21. Rae1 Nf5 22. Rd1 Rd7 23. Rd5 Rdd8 24. Qxf5 Qc3 25. Rd3 Qb2 26. Be5 Qe2 27. Re3 Qd2 28. Rg3 g6 29. Qf6 Kf8 30. Bd6+ Kg8 31. Bf4 Qd5 32. Bh6 Qd4 33. Qxd4 Rxd4 34. Re3 f6 35. Re7 Rcd8 36. Rxb7 R4d7 37. Rb6 Ra8 38. Rxf6 Rd3 39. Ra1 Rad8 40. h3 Rc3 41. Rxa6 Kf7 42. c6 Kg8 43. a4 Rc2 44. b5 Rb8 45. Rb1 Rc5 46. Ra7 Rc8 47. a5 Rb8 48. Rb7 Rc8 49. a6 Re5 50. c7 Re7 51. b6 Kf7 52. Rb8 Ree8 53. Rxc8 Rxc8 54. b7 Rxc7 55. b8Q 1-0